[Event "EU-ch Online U12"]
[Site "Tornelo INT"]
[Date "2020.09.20"]
[Round "9"]
[White "Elias, David"]
[Black "Govoreanu, Matei"]
[Result "0-1"]
[WhiteElo "1460"]
[BlackElo "1640"]
[PlyCount "154"]
[EventDate "2020.09.18"]
[EventType "swiss (rapid)"]
[EventRounds "9"]
[EventCountry "NET"]
[SourceTitle "EXT 2023"]
[Source "ChessBase"]
[SourceDate "2022.10.05"]
[SourceVersion "1"]
[SourceVersionDate "2022.10.05"]
[SourceQuality "1"]
[WhiteTeam "Slovakia"]
[BlackTeam "Belgien"]
[WhiteTeamCountry "SVK"]
[BlackTeamCountry "BEL"]

1. e4 e6 2. d4 d5 3. exd5 exd5 4. c4 Bb4+ 5. Nc3 Nf6 6. Bd3 0-0 7. Nge2 Re8 8. a3 Bxc3+ 9. bxc3 dxc4 10. Bxc4 Bg4 11. 0-0 Nc6 12. Re1 a6 13. Bf4 b5 14. Bd3 Nd5 15. Qc2 Bxe2 16. Bxh7+ Kh8 17. Bd2 Bg4 18. Rxe8+ Qxe8 19. Re1 Qd7 20. h3 Be6 21. Re4 g6 22. Rh4 Kg7 23. Qc1 Kf8 24. Bh6+ Ke8 25. Bg5 Qd6 26. Bxg6 Kd7 27. Rh7 Rg8 28. Bxf7 Bxf7 29. Rxf7+ Kc8 30. Rf3 Na5 31. a4 Nb3 32. Qb1 bxa4 33. Rg3 Re8 34. c4 Nb4 35. Qf5+ Kb8 36. d5 Qe5 37. Qd7 Qa1+ 38. Kh2 Rc8 39. Bf4 Nc5 40. Qe7 Qd4 41. Be3 Qxc4 42. Qxc5 Qxc5 43. Bxc5 Nxd5 44. Ra3 Nb6 45. Bxb6 cxb6 46. Rxa4 Kb7 47. h4 b5 48. Rg4 a5 49. Rg7+ Kb6 50. Rg6+ Kc5 51. h5 Kb4 52. h6 Rh8 53. g4 a4 54. g5 a3 55. Rg7 a2 56. Ra7 Kb3 57. h7 Rxh7+ 58. Rxh7 a1Q 59. Rh3+ Kc2 60. Rg3 Qg7 61. g6 b4 62. f4 b3 63. f5 b2 64. f6 Qxf6 65. g7 Qh4+ 66. Kg2 Qxg3+ 67. Kxg3 b1Q 68. Kf4 Qb8+ 69. Kg5 Qg8 70. Kg6 Kd3 71. Kh6 Ke4 72. Kg6 Ke5 73. Kh6 Kf6 74. Kh5 Qxg7 75. Kh4 Kf5 76. Kh3 Kf4 77. Kh2 Kf3 0-1

[Event "EU-ch Online U12"]
[Site "Tornelo INT"]
[Date "2020.09.19"]
[Round "6"]
[White "Govoreanu, Matei"]
[Black "Vingris, Mikelis"]
[Result "0-1"]
[WhiteElo "1640"]
[BlackElo "1859"]
[PlyCount "106"]
[EventDate "2020.09.18"]
[EventType "swiss (rapid)"]
[EventRounds "9"]
[EventCountry "NET"]
[SourceTitle "EXT 2023"]
[Source "ChessBase"]
[SourceDate "2022.10.05"]
[SourceVersion "1"]
[SourceVersionDate "2022.10.05"]
[SourceQuality "1"]
[WhiteTeam "Belgien"]
[BlackTeam "Latvia"]
[WhiteTeamCountry "BEL"]
[BlackTeamCountry "LAT"]

1. e4 c5 2. Nf3 d6 3. c3 Nf6 4. Be2 e6 5. 0-0 Be7 6. d3 0-0 7. Bg5 a6 8. Nbd2 b5 9. Re1 Bb7 10. Nf1 Nbd7 11. Ng3 h6 12. Bxf6 Nxf6 13. Qc2 Qc7 14. Rac1 Rac8 15. Qd2 Qa5 16. a4 bxa4 17. Ra1 Bc6 18. b3 Rb8 19. bxa4 Rb3 20. Reb1 Rfb8 21. Rc1 Nd7 22. Bd1 Rb2 23. Rc2 R2b3 24. Rcc1 R3b7 25. h3 Bf6 26. Ne2 d5 27. exd5 Bxd5 28. d4 Bxf3 29. gxf3 cxd4 30. Nxd4 Qc7 31. Bc2 Ne5 32. f4 Nd7 33. f5 Bg5 34. Qd3 e5 35. Nf3 Bxc1 36. Rxc1 Nf6 37. Nd2 Rd8 38. Qe2 Qxc3 39. Ne4 Nxe4 40. Qxe4 Rb4 41. Qg2 Qa3 42. Re1 Rf4 43. f6 Rxf6 44. Kh2 Qc3 45. Rc1 Qd2 46. Rd1 Qf4+ 47. Kg1 Rxd1+ 48. Bxd1 Rg6 49. Bg4 h5 50. Qa8+ Kh7 51. Kf1 hxg4 52. hxg4 Qxg4 53. Qh1+ Rh6 0-1

[Event "EU-ch U10"]
[Site "Bratislava"]
[Date "2019.08.09"]
[Round "8"]
[White "Bartodziej, Bartosz"]
[Black "Govoreanu, Matei"]
[Result "1-0"]
[WhiteElo "1764"]
[BlackElo "1375"]
[PlyCount "105"]
[EventDate "2019.08.02"]
[EventType "swiss"]
[EventRounds "9"]
[EventCountry "SVK"]
[SourceTitle "EXT 2020"]
[Source "ChessBase"]
[SourceDate "2019.10.17"]
[SourceVersion "1"]
[SourceVersionDate "2019.10.17"]
[SourceQuality "1"]

1. e4 g6 2. d4 Bg7 3. Nc3 c6 4. f4 d5 5. e5 Nh6 6. Nf3 Bg4 7. h3 Bxf3 8. Qxf3 Nf5 9. Ne2 e6 10. Bd2 Qb6 11. Qc3 h5 12. g3 Nd7 13. 0-0-0 0-0-0 14. Be1 f6 15. Qd3 Kb8 16. Kb1 c5 17. c3 c4 18. Qf3 Ne7 19. g4 hxg4 20. hxg4 Rxh1 21. Qxh1 Rh8 22. Qf3 a5 23. Kc2 Qc6 24. Rc1 Qa4+ 25. Kb1 Qb5 26. Ka1 Bh6 27. exf6 Nc6 28. g5 Bf8 29. Bh3 Nd8 30. Qe3 Qa6 31. Bg4 a4 32. Bg3 Ka8 33. Qd2 a3 34. Rb1 Nc6 35. bxa3 Na7 36. a4 Ba3 37. Qc2 Nf8 38. Ng1 Nc6 39. Nf3 Qa7 40. Ne5 Nxd4 41. Qd2 Nc6 42. Nxc6 bxc6 43. f5 Nd7 44. fxg6 Nc5 45. g7 Rg8 46. Bf2 Qd7 47. Bxc5 Bxc5 48. Qb2 d4 49. Bxe6 dxc3 50. Bxd7 cxb2+ 51. Kxb2 Rd8 52. Re1 c3+ 53. Kc2 1-0

[Event "EU-ch U10"]
[Site "Bratislava"]
[Date "2019.08.03"]
[Round "2"]
[White "Olszewski, Antoni"]
[Black "Govoreanu, Matei"]
[Result "1-0"]
[WhiteElo "1199"]
[BlackElo "1375"]
[PlyCount "87"]
[EventDate "2019.08.02"]
[EventType "swiss"]
[EventRounds "9"]
[EventCountry "SVK"]
[SourceTitle "EXT 2020"]
[Source "ChessBase"]
[SourceDate "2019.10.17"]
[SourceVersion "1"]
[SourceVersionDate "2019.10.17"]
[SourceQuality "1"]

1. e4 g6 2. d4 Bg7 3. c4 c6 4. Nc3 d6 5. Be3 Nf6 6. f3 Nbd7 7. Bd3 0-0 8. Nge2 b6 9. 0-0 c5 10. Qd2 Qc7 11. h3 a6 12. f4 e6 13. g4 Bb7 14. f5 exf5 15. exf5 cxd4 16. Nxd4 Ne5 17. g5 Nfd7 18. f6 Bh8 19. Nd5 Bxd5 20. cxd5 Nc5 21. Bc2 Qd7 22. Qg2 Rfc8 23. Bf4 Ncd3 24. Bxd3 Nxd3 25. Nc6 Kf8 26. Rad1 Nxf4 27. Rxf4 Re8 28. Qf3 b5 29. Rh4 Kg8 30. Rh6 Qf5 31. Ne7+ Rxe7 32. Qxf5 gxf5 33. fxe7 Be5 34. Re1 Bd4+ 35. Kg2 Re8 36. Rxd6 f6 37. gxf6 Kf7 38. Rxa6 Rg8+ 39. Kf3 Re8 40. d6 Bxf6 41. d7 Rxe7 42. Rxf6+ Kg7 43. Rxe7+ Kxf6 44. d8Q 1-0